LEADER 01324nam a2200265 a 4500 001 000000130084 003 CaOOAMICUS 005 20120913120026.0 008 120913s2010 ii ac u000 u eng r 040 $aPUL$bita 082 04$a275 100 1 $aKinattingal Varkey, Sucy,$csuora,$d1972-$0(OLS)http://pul/name/77577 245 10$aServant of God Mother Eliswa, the foundress of TOCD (CTC and CMC) for women :$bthe critical study of the history of foundation (1866-1913) /$cSucy Kinattingal. 260 $aCochin :$bKerala latin history association,$c2010. 300 $a488 p. :$bill., ritr. ;$c23 cm 504 $aBibliografia in nota. 600 14$aVakayil, Prema.$0(OLS)http://pul/subject/38911 610 24$aCarmelitane scalze$zKerala (India)$ySec. XIX-XX.$0(OLS)http://pul/subject/38910 850 $aPUL 852 $aPUL$W1$xDP2 Religione 3$y114$m275 KINSU 1$j150612$qDDC 21$B149174$CPULBib$Z2$F149174 $H120295 $82 941 1 $a9 996 $6082$a275$9(OLS)http://pul/classification/2178 996 $6245$aServant of God Mother Eliswa, the foundress of TOCD (CTC and CMC) for women :$bthe critical study of the history of foundation (1866-1913)$9(OLS)http://pul/title/164420 996 $6260$aCochin :$bKerala latin history association$9(OLS)http://pul/publisher/82066 LEADER 01370nam a2200277 u 4500 001 000000010823 003 CaOOAMICUS 005 20070226105347.0 008 941124s1925 it u000 u ita u 035 $a10268886 040 $aPUL$bita 041 1 $aita$hlat 100 0 $aAugustinus,$cs., vesc. d'Ippona,$d354-430.$0(OLS)http://pul/name/1290 240 10$aDe vera religione$9(Augustinus, s., vesc. d'Ippona, 354-430).$lItaliano.$1Gruppi, scelte.$0(OLS)http://pul/title/15768 245 14$a... Della vera religione :$b(Estratti tradotti e collegati); /$cintroduzione e note ad uso dei licei in conformitą dei vigenti programmi scolastici, per cura del dott. Sisto Colombo. 260 $aTorino :$bSocietą editrice internazionale,$c1925. 300 $a111, [1] p. ;$c20 cm 490 1 $aLetture di filosofia ;$v7 830 0$aLetture di filosofia ;$v7.$0(OLS)http://pul/title/1966 850 $aPUL 852 $aPUL$W1$xDP1 Fondo Cecchetti$y53$m260 D 75.2$j193600$nBK-PRI$b $qFondi$B15339$CPULBib$Z2$F15339 $81 900 $aAgostino,$cs., vesc. d'Ippona,$d354-430$91290 900 $aAgostino, Aurelio,$cs., vesc. d'Ippona$d354-430$91290 941 1 $a1 996 $6245$a... Della vera religione :$b(Estratti tradotti e collegati);$9(OLS)http://pul/title/15769 996 $6260$aTorino :$bSocietą editrice internazionale$9(OLS)http://pul/publisher/48156